000
00329pab a2200145 454500
008
180718b1996 xxu||||| |||| 00| 0 eng d
100
_a
Uberoi, N.K.
245
_a
Preparing for the 21st century
260
_c
1996
300
_a
p.9
362
_a
11 Jul
650
_a
Education
773
_a
Financial Express
909
_a
33103
999
_c
33103
_d
33103